| 000 | 00335nam a22001337a 4500 | ||
|---|---|---|---|
| 020 | _a81-85198-29-2 | ||
| 082 | _a006.3 NIL | ||
| 100 |
_aNILSSON, NILS.J _961534 |
||
| 245 | _aPRINCIPLES OF ARTIFICIAL INTELLIGENCE | ||
| 260 |
_aNEW DELHI _bNAROSA _c1999 |
||
| 300 | _aX,476P | ||
| 650 |
_aARTIFICIAL INTELLIGENCE _918060 |
||
| 942 | _cBK | ||
| 999 |
_c570958 _d570958 |
||